000
00328 a2200109 4500
001
ART_30905
005
20260410161706.0
008
260409a
245
1
0
_a
Plan de facilidades de pago para prestadores de salud
100
1
_a
Iacomucci, Norma H.
773
0
_t
Revista Impuestos
_g
- NÂș 8 (abr. 2008)
_w
REV639
999
_c
15609
_d
15609